000 01646cam a22004094i 4500
003 PE-LiUPU
005 20250731173013.0
008 150623s r 000 0 d
035 _a(Sirsi) a22935
040 _aPE-LiUPU
_bspa
_cPE-LiUPU
_erda
082 0 4 _a236.07
_bM31
_221
100 1 _aMaxwell, Arthur Stanley,
_d1896-1970,
_eautor.
245 1 0 _aTime running out: new evidence of approaching climax /
_cArthur Stanley Maxwell.
264 1 _aMountain View, California :
_bPacific Press Publishing Association,
_c1963.
300 _a116 páginas ;
_c17 cm.
336 _atext
_2rdacontent
337 _aunmediated
_2rdamedia
338 _avolume
_2rdacarrier
505 0 _aGrowing fear of the future. -Nearing the final secrets. -Reaching for the stars. -Tampering with the uktimate weapon. -Awakenig of all nations. -Collapsing moral standars. -Rauniting europe. -Reviving a once-dead church. -Proclaiming God's last message. -Approaching climax. -Preparing for time's last hour.
526 _aSEG42
526 _aSEG41
526 _aSEG40
526 _aSEG39
526 _aP94
526 _aP87
526 _aP86
526 _aP85
526 _aP77
526 _aP76
526 _aP35
650 0 4 _aFin del mundo.
942 _2ddc
_cBOOK
949 _a236.07 M31
_wDEWEY
_c1
_i46958
_lCCODEBUL1
_mBUL
_p00.00
_r0
_sY
_tBOOK
_u2015-06-24
_xTEOLOGIA
_PP35
_0COMPRA
_o.STAFF. Colección General
596 _a1
999 _a236.07 M31
_wDEWEY
_c23556
_i46958
_f2021-11-11
_g5
_lCCODEBUL1
_mBUL
_r0
_sY
_tBOOK
_u2015-6-24
_xTEOLOGIA
_PP35
_0COMPRA
_o.STAFF. Colección General
_d23556
980 _81
_gALBERTO SANCHEZ Responsable de Automatización